[Event "Berze Memorial 7th"]
[Site "Godollo"]
[Date "1996.??.??"]
[Round "?"]
[White "Gaspar, Rezso"]
[Black "Rigo, Pal"]
[Result "1-0"]
[WhiteElo "1820"]
[BlackElo "1950"]
[PlyCount "36"]
[EventDate "1996.??.??"]
[EventType "swiss"]
[EventRounds "9"]
[EventCountry "HUN"]
[SourceTitle "EXT 2004"]
[Source "ChessBase"]
[SourceDate "2003.11.25"]
[SourceVersion "1"]
[SourceVersionDate "2003.11.25"]
[SourceQuality "1"]

1. c4 c5 2. Nc3 e6 3. e3 Nf6 4. Nf3 Nc6 5. b3 Be7 6. d4 cxd4 7. Nxd4 0-0 8. g3 Bb4 9. Bb2 Ne4 10. Qc2 f5 11. Bg2 Nf6 12. a3 Bd6 13. Rd1 Nxd4 14. exd4 Qe7 15. Nb5 Bb8 16. 0-0 a6 17. Nc3 Ba7 18. Rfe1 Ng4 1-0

[Event "HUN-chT2"]
[Site "Hungary"]
[Date "1996.??.??"]
[Round "?"]
[White "Rigo, Pal"]
[Black "Veres, Istvan"]
[Result "0-1"]
[WhiteElo "1950"]
[BlackElo "2135"]
[PlyCount "140"]
[EventDate "1996.??.??"]
[EventType "team"]
[EventRounds "13"]
[EventCountry "HUN"]
[SourceTitle "EXT 2006"]
[Source "ChessBase"]
[SourceDate "2005.11.24"]
[SourceVersion "1"]
[SourceVersionDate "2005.11.24"]
[SourceQuality "1"]

1. d4 Nf6 2. Nf3 e6 3. c4 c5 4. e3 Be7 5. Nc3 0-0 6. Be2 cxd4 7. exd4 d5 8. 0-0 dxc4 9. Bxc4 a6 10. h3 b5 11. Bb3 Bb7 12. Be3 Qd6 13. Qe2 Nbd7 14. Rfd1 Nb6 15. Rac1 Nbd5 16. Bc2 Rac8 17. Bb1 Nf4 18. Qf1 Nxh3+ 19. Kh1 Nf4 20. Ne2 Nxe2 21. Qxe2 Qd5 22. Kg1 Rxc1 23. Rxc1 Bd6 24. Qd3 h6 25. Bd2 Qh5 26. Re1 Qg4 27. Kf1 Bc6 28. a3 Rb8 29. b4 Bd5 30. Qe3 Qh5 31. Kg1 Ng4 32. Qc3 Bh2+ 33. Kf1 Bd6 34. Kg1 Bh2+ 35. Kf1 Bc4+ 36. Bd3 Rc8 37. Bxc4 Rxc4 38. Qd3 Bd6 39. Kg1 Qh1+ 40. Kxh1 Nxf2+ 41. Kg1 Nxd3 42. Re3 Nf4 43. Kf1 Nd5 44. Rb3 Bf4 45. Ke2 Bxd2 46. Kxd2 f6 47. g3 Kf7 48. Kd3 g5 49. Nd2 Rc1 50. Ne4 Rd1+ 51. Nd2 f5 52. Ke2 Rc1 53. Kd3 Rg1 54. Ke2 Rg2+ 55. Ke1 g4 56. Rd3 Kf6 57. Nb3 f4 58. gxf4 Nxf4 59. Re3 Ra2 60. Re4 Nd3+ 61. Kf1 Rxa3 62. Nc5 Nxb4 63. Rxe6+ Kg5 64. Ne4+ Kf4 65. Nc5 h5 66. Rh6 h4 67. Re6 h3 68. Kg1 g3 69. Re1 Ra2 70. Ne6+ Kf5 0-1